High polymers: Structure and physical properties (Record no. 20583)

MARC details
000 -LEADER
fixed length control field 00298nam a2200109Ia 4500
082 ## - DEWEY DECIMAL CLASSIFICATION NUMBER
Classification number 678:541.6
Item number GOR
100 ## - MAIN ENTRY--AUTHOR NAME
Personal name Gordon, Manfred
245 #0 - TITLE STATEMENT
Title High polymers: Structure and physical properties
260 ## - PUBLICATION, DISTRIBUTION, ETC. (IMPRINT)
Place of publication London
Name of publisher ILIFFE books
Year of publication 1963
942 ## - ADDED ENTRY ELEMENTS (KOHA)
Koha item type Books
Holdings
Withdrawn status Lost status Damaged status Not for loan Home library Current library Date acquired Full call number Accession Number Koha item type
        RRII Library RRII Library 16/12/2021 678:541.6 GOR 01305 Books